000 00703nam a2200241Ia 4500
003 OSt
005 20221005122500.0
006 a|||||r|||| 00| 0
007 ta
008 221004b |||||||| |||| 00| 0 hin d
020 _c127.5
024 _a19358
037 _b5728/9, 13/03/2010, Modern Publishing House
_cTextual
040 _aCRL
_cCRL
_bhin
041 _2hin
_ahin
082 _aO152,1I40:g, 168N0
100 _aKaifi Saraswati Saran
_9632074
245 0 _aKabir rachnawali
260 _c1990
650 _aURDU LITERATURE
942 _hO152,1I40:g, 168N0
_cTEXL
_2cc
999 _c1044440
_d1044440